Minecraft Mobs: Bogged - Statistics

General Stats
  • This quiz has been taken 7 times
  • The average score is 7 of 10
Answer Stats
Question Answer % Correct
How many health points does a bogged have? 16
100%
What biome family can a bogged spawn in? Swamp
100%
What is a bogged's width in blocks? 0.6
86%
What non-projectile item does a bogged drop when killed? Bone
86%
What structure can a bogged spawn in? Trial Chambers
86%
What's the maximum light level a bogged can spawn at? 0
71%
What can be sheared off of a bogged? Mushrooms
57%
How many seconds does a bogged wait between shooting arrows on normal difficulty? 3.5
43%
What projectile does a bogged shoot? Arrow of Poison
43%
What is a bogged's height in blocks? 1.99
14%
No matching quizzes found
Score Distribution
Percent of People with Each Score
Percentile by Number Answered
Your Score History
You have not taken this quiz